[Event "Titled Tuesday 2024.08.27 Late"]
[Site "Chess.com INT"]
[Date "2024.08.27"]
[Round "5"]
[White "Molinaroli, Martin"]
[Black "Thavandiran, Shiyam"]
[Result "0-1"]
[WhiteElo "2148"]
[BlackElo "2388"]
[WhiteFideId "-1"]
[WhiteFideId "-1"]
[PlyCount "54"]
[GameId "2107989759407400"]
[EventDate "2024.08.27"]
[EventType "swiss (blitz)"]
[EventRounds "11"]
[EventCountry "NET"]
[SourceTitle "EXT 2025"]
[Source "ChessBase"]
[SourceDate "2024.10.14"]
[SourceVersion "1"]
[SourceVersionDate "2024.10.14"]
[SourceQuality "1"]

1. b3 e5 2. Bb2 Nc6 3. e3 Nf6 4. Bb5 Bd6 5. Ne2 Ne7 6. Ng3 c6 7. Be2 Bc7 8. d4 e4 9. c4 d5 10. Nc3 a6 11. Ba3 g6 12. cxd5 cxd5 13. Qc2 Be6 14. Rc1 Rc8 15. O-O h5 16. f3 exf3 17. Rxf3 h4 18. Rxf6 hxg3 19. h3 Nf5 20. Rxe6+ fxe6 21. e4 Nxd4 22. Qd3 Bb6 23. Kh1 Qg5 24. exd5 Qf5 25. dxe6 Rxh3+ 26. gxh3 Qxh3+ 27. Kg1 Nf3# 0-1

[Event "Titled Tuesday 2024.08.27 Late"]
[Site "Chess.com INT"]
[Date "2024.08.27"]
[Round "8"]
[White "Thavandiran, Shiyam"]
[Black "Polok, Kacper"]
[Result "1-0"]
[WhiteElo "2388"]
[BlackElo "2179"]
[WhiteFideId "-1"]
[WhiteFideId "-1"]
[PlyCount "81"]
[GameId "2107989759432563"]
[EventDate "2024.08.27"]
[EventType "swiss (blitz)"]
[EventRounds "11"]
[EventCountry "NET"]
[SourceTitle "EXT 2025"]
[Source "ChessBase"]
[SourceDate "2024.10.14"]
[SourceVersion "1"]
[SourceVersionDate "2024.10.14"]
[SourceQuality "1"]

1. e4 c5 2. Nf3 Nc6 3. d4 cxd4 4. Nxd4 e5 5. Nb5 d6 6. N1c3 a6 7. Na3 b5 8. Nd5 Nge7 9. c4 Nd4 10. cxb5 Nxd5 11. exd5 Be7 12. Bd3 O-O 13. O-O f5 14. Be3 Nxb5 15. Nxb5 axb5 16. Bxb5 f4 17. Bd2 f3 18. g3 Bd7 19. Bd3 Qe8 20. Re1 Qh5 21. a4 Bf5 22. Bf1 Bh3 23. Bd3 Bf5 24. Be3 Bd8 25. b4 Bxd3 26. Qxd3 Rf5 27. Qf1 e4 28. Bf4 Bf6 29. Ra3 Rxf4 30. gxf4 Qg4+ 31. Kh1 Qxf4 32. Rae3 Be5 33. Qh3 Rxa4 34. Rxe4 Qxe4 35. Qc8+ Kf7 36. Qe6+ Kf8 37. Qc8+ Ke7 38. Qc7+ Kf6 39. Qd8+ Kg6 40. Rg1+ Kh6 41. Qg5# 1-0

[Event "Titled Tuesday 2024.08.27 Late"]
[Site "Chess.com INT"]
[Date "2024.08.27"]
[Round "10"]
[White "Thavandiran, Shiyam"]
[Black "Yagupov, Igor"]
[Result "1-0"]
[WhiteElo "2388"]
[BlackElo "2239"]
[WhiteFideId "-1"]
[WhiteFideId "-1"]
[PlyCount "101"]
[GameId "2107989759445145"]
[EventDate "2024.08.27"]
[EventType "swiss (blitz)"]
[EventRounds "11"]
[EventCountry "NET"]
[SourceTitle "EXT 2025"]
[Source "ChessBase"]
[SourceDate "2024.10.14"]
[SourceVersion "1"]
[SourceVersionDate "2024.10.14"]
[SourceQuality "1"]

1. e4 c5 2. Nf3 Nc6 3. d4 cxd4 4. Nxd4 Nf6 5. Nc3 e5 6. Ndb5 d6 7. Nd5 Nxd5 8. exd5 Nb8 9. c4 Be7 10. Be2 O-O 11. O-O a6 12. Nc3 f5 13. f4 Nd7 14. Kh1 Bf6 15. Qc2 exf4 16. Bxf4 Ne5 17. b4 b6 18. a4 a5 19. bxa5 Rxa5 20. Rab1 Ba6 21. Rb4 Qc7 22. Qxf5 Qc5 23. Rfb1 Bc8 24. Qc2 Ng6 25. Ne4 Bf5 26. Bg3 Bxe4 27. Qxe4 Be5 28. Be1 Ra7 29. Rb5 Qa3 30. Rxb6 Qxa4 31. R6b3 Raf7 32. Rf3 Nf4 33. Bf1 Qa2 34. Bg3 Ng6 35. Rxf7 Kxf7 36. Bd3 Kg8 37. Bxe5 dxe5 38. h4 Rf4 39. Qe2 Rxh4+ 40. Kg1 Nf4 41. Qxa2 Kf7 42. Qa8 Kf6 43. Qb7 Kg5 44. Qb6 Nxd3 45. Qd8+ Kg4 46. Qd7+ Kg3 47. Qxg7+ Rg4 48. Qxg4+ Kxg4 49. d6 Nc5 50. Rb5 Nd7 51. c5 1-0

[Event "Titled Tuesday 2024.08.27 Late"]
[Site "Chess.com INT"]
[Date "2024.08.27"]
[Round "11"]
[White "Golubev, Mikhail"]
[Black "Thavandiran, Shiyam"]
[Result "1/2-1/2"]
[WhiteElo "2461"]
[BlackElo "2388"]
[WhiteFideId "-1"]
[WhiteFideId "-1"]
[PlyCount "119"]
[GameId "2107989759449295"]
[EventDate "2024.08.27"]
[EventType "swiss (blitz)"]
[EventRounds "11"]
[EventCountry "NET"]
[SourceTitle "EXT 2025"]
[Source "ChessBase"]
[SourceDate "2024.10.14"]
[SourceVersion "1"]
[SourceVersionDate "2024.10.14"]
[SourceQuality "1"]

1. e4 e6 2. d4 d5 3. Nc3 Nf6 4. Bg5 dxe4 5. Nxe4 Be7 6. Nxf6+ gxf6 7. Be3 b6 8. Qf3 Qd5 9. Qxd5 exd5 10. O-O-O Ba6 11. Ne2 Bd6 12. Ng3 Bxf1 13. Rhxf1 Bxg3 14. hxg3 Nc6 15. Rh1 Ne7 16. Rh5 Kd7 17. Rdh1 Ke6 18. Rxh7 Rxh7 19. Rxh7 Nf5 20. Kd2 Rc8 21. g4 Ne7 22. Rh1 c5 23. f3 Nc6 24. Re1 Kd6 25. dxc5+ bxc5 26. g5 Rg8 27. Rh1 fxg5 28. Rh6+ Rg6 29. Rxg6+ fxg6 30. Bxg5 d4 31. c4 dxc3+ 32. Kxc3 Kd5 33. b3 Nd4 34. Be3 Nf5 35. Bf2 Nd6 36. a4 a6 37. b4 cxb4+ 38. Kxb4 Kc6 39. g4 Nf7 40. Bd4 Nd6 41. Kc3 Nf7 42. Bf6 Kd5 43. Kd3 Nd6 44. Bc3 Kc6 45. f4 Nf7 46. Ke4 Kd6 47. f5 gxf5+ 48. gxf5 Ng5+ 49. Kf4 Nf7 50. Kg4 Nh6+ 51. Kg5 Nxf5 52. Kxf5 Kc6 53. Ke5 Kb7 54. Kd6 a5 55. Kc5 Ka8 56. Kb5 Kb7 57. Kxa5 Ka8 58. Ka6 Kb8 59. Bd4 Ka8 60. Ba7 1/2-1/2

[Event "Titled Tuesday 2024.08.27 Late"]
[Site "chess.com INT"]
[Date "2024.08.27"]
[Round "1"]
[White "Thavandiran, Shiyam"]
[Black "Lopez Abreu, Michel Samuel"]
[Result "1-0"]
[WhiteElo "2388"]
[BlackElo "2038"]
[WhiteFideId "-1"]
[WhiteFideId "-1"]
[PlyCount "35"]
[GameId "2130307537804124"]
[EventDate "2024.08.27"]
[EventType "swiss (blitz)"]
[EventRounds "11"]
[EventCountry "NET"]
[SourceTitle "The Week in Chess 1556"]
[Source "Mark Crowther"]
[SourceDate "2024.09.02"]
[SourceVersion "1"]
[SourceVersionDate "2024.09.02"]
[SourceQuality "2"]

1. e4 c6 2. d4 d5 3. Nd2 dxe4 4. Nxe4 Nf6 5. Nxf6+ exf6 6. Bc4 Bd6 7. Qe2+ Qe7 8. Qxe7+ Bxe7 9. Bf4 O-O 10. O-O-O Bf5 11. Re1 Bb4 12. c3 Ba5 13. Bd6 Rc8 14. Re7 Be6 15. Rxe6 fxe6 16. Bxe6+ Kh8 17. Bxc8 Na6 18. Bxb7 1-0

[Event "Titled Tuesday 2024.08.27 Late"]
[Site "chess.com INT"]
[Date "2024.08.27"]
[Round "2"]
[White "Tkachenko, Erik"]
[Black "Thavandiran, Shiyam"]
[Result "1-0"]
[WhiteElo "2028"]
[BlackElo "2388"]
[WhiteFideId "-1"]
[WhiteFideId "-1"]
[PlyCount "55"]
[GameId "2130307537804191"]
[EventDate "2024.08.27"]
[EventType "swiss (blitz)"]
[EventRounds "11"]
[EventCountry "NET"]
[SourceTitle "The Week in Chess 1556"]
[Source "Mark Crowther"]
[SourceDate "2024.09.02"]
[SourceVersion "1"]
[SourceVersionDate "2024.09.02"]
[SourceQuality "2"]

1. e4 e6 2. d4 d5 3. e5 c5 4. c3 Nc6 5. Nf3 Bd7 6. Bd3 cxd4 7. cxd4 Nb4 8. Be2 Rc8 9. Nc3 a6 10. h4 h6 11. O-O Ne7 12. g4 h5 13. Bg5 hxg4 14. Nh2 Qb6 15. Bxg4 Ng6 16. Bh5 Nxh4 17. Bxh4 g6 18. Ng4 Be7 19. Bxe7 Kxe7 20. Nf6 gxh5 21. a3 Nc6 22. Ncxd5+ exd5 23. Nxd5+ Ke6 24. Nxb6 Rcg8+ 25. Kh2 Rg4 26. d5+ Ke7 27. Nxd7 Rhg8 28. Qxg4 1-0

[Event "Titled Tuesday 2024.08.27 Late"]
[Site "chess.com INT"]
[Date "2024.08.27"]
[Round "6"]
[White "Thavandiran, Shiyam"]
[Black "Urbani, Gabriel"]
[Result "1-0"]
[WhiteElo "2388"]
[BlackElo "2070"]
[WhiteFideId "-1"]
[WhiteFideId "-1"]
[PlyCount "119"]
[GameId "2130307537816691"]
[EventDate "2024.08.27"]
[EventType "swiss (blitz)"]
[EventRounds "11"]
[EventCountry "NET"]
[SourceTitle "The Week in Chess 1556"]
[Source "Mark Crowther"]
[SourceDate "2024.09.02"]
[SourceVersion "1"]
[SourceVersionDate "2024.09.02"]
[SourceQuality "2"]

1. e4 e6 2. d4 d5 3. Nc3 dxe4 4. Nxe4 Nd7 5. c3 Ngf6 6. Bd3 Nxe4 7. Bxe4 Nf6 8. Bc2 b6 9. Nf3 Bb7 10. O-O Be7 11. Ne5 O-O 12. Re1 c5 13. Bb1 Qd5 14. f3 Rfd8 15. Be3 cxd4 16. Bxd4 Bc5 17. Qe2 Bxd4+ 18. cxd4 Qxd4+ 19. Kh1 Qd2 20. Bd3 Qxe2 21. Rxe2 Rac8 22. Kg1 Nd5 23. g3 Nb4 24. Bc4 Bd5 25. Bxd5 Rxd5 26. a3 Na6 27. b4 f6 28. Ng4 Kf7 29. Kf2 Rcd8 30. Rc1 Rd2 31. Rc6 Rxe2+ 32. Kxe2 Rd7 33. Nf2 Nb8 34. Rc8 Rb7 35. Ne4 Ke7 36. Rh8 Nc6 37. Rxh7 Kf8 38. Rh8+ Ke7 39. Rg8 Kf7 40. Rc8 Kg6 41. Nd6 Ne7 42. Re8 Rd7 43. Nb5 Nf5 44. Rxe6 a6 45. g4 axb5 46. gxf5+ Kxf5 47. Rxb6 Ra7 48. Rxb5+ Kf4 49. Ra5 Rc7 50. Rc5 Rd7 51. Rc4+ Kf5 52. Rc3 g5 53. b5 Rh7 54. Ke3 Rxh2 55. Rb3 Rh8 56. b6 Rb8 57. a4 Ke6 58. a5 Kd6 59. a6 Kc6 60. b7 1-0

[Event "Titled Tuesday 2024.08.27 Late"]
[Site "chess.com INT"]
[Date "2024.08.27"]
[Round "7"]
[White "Warchol, Kamil"]
[Black "Thavandiran, Shiyam"]
[Result "0-1"]
[WhiteElo "2191"]
[BlackElo "2388"]
[WhiteFideId "-1"]
[WhiteFideId "-1"]
[PlyCount "98"]
[GameId "2130307537816738"]
[EventDate "2024.08.27"]
[EventType "swiss (blitz)"]
[EventRounds "11"]
[EventCountry "NET"]
[SourceTitle "The Week in Chess 1556"]
[Source "Mark Crowther"]
[SourceDate "2024.09.02"]
[SourceVersion "1"]
[SourceVersionDate "2024.09.02"]
[SourceQuality "2"]

1. e4 e6 2. d4 d5 3. Nc3 Nf6 4. Bg5 dxe4 5. Nxe4 Be7 6. Bxf6 gxf6 7. Nc3 c6 8. g3 Qb6 9. Na4 Qa5+ 10. c3 Qd5 11. Qf3 Nd7 12. b3 Ba3 13. Rb1 b6 14. Nb2 Bb7 15. Nc4 Be7 16. Bg2 a5 17. Ne2 a4 18. Nf4 Qxf3 19. Bxf3 b5 20. Ne3 axb3 21. axb3 f5 22. O-O Bf6 23. Ra1 Ke7 24. Nh5 Bg5 25. Bg2 Nf6 26. Nxf6 Bxf6 27. Rfe1 Kd7 28. f4 Kc7 29. Kf2 b4 30. Rac1 bxc3 31. Rxc3 Bxd4 32. Rc2 Rhd8 33. Rec1 Ra6 34. Ke2 Rb6 35. b4 Ba6+ 36. Kf3 Bb7 37. Ke2 Ba6+ 38. Kf3 Bb5 39. Kf2 Ra6 40. Kf3 Ra3 41. Re1 Rd3 42. Kf2 Rxe3 43. Rxe3 Bb6 44. Kf3 Bxe3 45. Kxe3 Rd3+ 46. Kf2 Rb3 47. Rc5 Rxb4 48. h4 Kb6 49. Kg1 Kxc5 0-1

[Event "Titled Tuesday 2024.08.27 Late"]
[Site "chess.com INT"]
[Date "2024.08.27"]
[Round "9"]
[White "Doknjas, Neil"]
[Black "Thavandiran, Shiyam"]
[Result "1-0"]
[WhiteElo "2261"]
[BlackElo "2388"]
[WhiteFideId "-1"]
[WhiteFideId "-1"]
[PlyCount "45"]
[GameId "2130307537820887"]
[EventDate "2024.08.27"]
[EventType "swiss (blitz)"]
[EventRounds "11"]
[EventCountry "NET"]
[SourceTitle "The Week in Chess 1556"]
[Source "Mark Crowther"]
[SourceDate "2024.09.02"]
[SourceVersion "1"]
[SourceVersionDate "2024.09.02"]
[SourceQuality "2"]

1. e4 e6 2. d4 d5 3. Nc3 Nf6 4. Bg5 dxe4 5. Nxe4 Be7 6. Bxf6 gxf6 7. Nf3 a6 8. g3 f5 9. Nc3 b5 10. Bg2 Bb7 11. O-O O-O 12. a4 b4 13. Ne2 c5 14. c3 cxd4 15. cxd4 Nd7 16. Nf4 Nf6 17. Rc1 Qd6 18. Ne5 Bxg2 19. Kxg2 Rfd8 20. Qf3 Bf8 21. Qb7 Nd7 22. Nxf7 Rdb8 23. Nxd6 1-0

[Event "Titled Tuesday 2024.07.02 Late"]
[Site "Chess.com INT"]
[Date "2024.07.02"]
[Round "1"]
[White "Hoffmann, Asa"]
[Black "Thavandiran, Shiyam"]
[Result "0-1"]
[WhiteElo "2185"]
[BlackElo "2387"]
[WhiteFideId "-1"]
[WhiteFideId "-1"]
[PlyCount "60"]
[GameId "2065220347269120"]
[EventDate "2024.07.02"]
[EventType "swiss (blitz)"]
[EventRounds "11"]
[EventCountry "NET"]
[SourceTitle "EXT 2025"]
[Source "ChessBase"]
[SourceDate "2024.10.14"]
[SourceVersion "1"]
[SourceVersionDate "2024.10.14"]
[SourceQuality "1"]

1. d4 Nf6 2. Bg5 b6 3. f3 h6 4. Bh4 e6 5. e4 Be7 6. e5 Nd5 7. Bf2 Bb7 8. c4 Nf4 9. g3 Ng6 10. Bg2 d6 11. exd6 Qxd6 12. Nc3 O-O 13. Nge2 Nc6 14. h4 Rfd8 15. h5 Nf8 16. a3 Nh7 17. f4 Nf6 18. Qd3 Nb4 19. axb4 Bxg2 20. Rh2 Qc6 21. b5 Qb7 22. d5 exd5 23. O-O-O dxc4 24. Qxc4 Rxd1+ 25. Nxd1 Bd5 26. Qd4 Bc5 27. Qd2 Ne4 28. Qe1 a6 29. Bxc5 Nxc5 30. Nec3 Nd3+ 0-1

[Event "Titled Tuesday 2024.07.02 Late"]
[Site "Chess.com INT"]
[Date "2024.07.02"]
[Round "2"]
[White "Thavandiran, Shiyam"]
[Black "Evdokimov, Alexey2"]
[Result "1-0"]
[WhiteElo "2387"]
[BlackElo "2227"]
[WhiteFideId "-1"]
[WhiteFideId "-1"]
[PlyCount "131"]
[GameId "2065220348715008"]
[EventDate "2024.07.02"]
[EventType "swiss (blitz)"]
[EventRounds "11"]
[EventCountry "NET"]
[SourceTitle "EXT 2025"]
[Source "ChessBase"]
[SourceDate "2024.10.14"]
[SourceVersion "1"]
[SourceVersionDate "2024.10.14"]
[SourceQuality "1"]

1. e4 e6 2. d4 d5 3. exd5 exd5 4. Nf3 Nc6 5. Nc3 Nf6 6. Bb5 Be7 7. O-O O-O 8. h3 Bf5 9. Re1 Nb4 10. Ba4 c6 11. a3 Na6 12. Ne2 Nc7 13. Ng3 Bg6 14. Ne5 Re8 15. c3 Bd6 16. Bg5 h6 17. Bd2 Bxe5 18. dxe5 Ne4 19. Nxe4 Bxe4 20. Bf4 Ne6 21. Bg3 Nc5 22. Bc2 Qg5 23. Kh2 Qf5 24. Rc1 Bxc2 25. Qxc2 Qxc2 26. Rxc2 Ne4 27. Rce2 Re7 28. f3 Nxg3 29. Kxg3 Rae8 30. Kf2 g5 31. h4 Kg7 32. g3 Kg6 33. g4 gxh4 34. f4 f5 35. Kf3 fxg4+ 36. Kxg4 h5+ 37. Kf3 c5 38. Rg1+ Kf7 39. Rg5 d4 40. cxd4 cxd4 41. Rxh5 Rc8 42. f5 Ke8 43. f6 Rf7 44. Rh8+ Rf8 45. Rxf8+ Kxf8 46. Ke4 h3 47. Rh2 Rc1 48. Rxh3 Re1+ 49. Kxd4 Kf7 50. Rh7+ Ke6 51. Re7+ Kf5 52. f7 Rd1+ 53. Kc3 Rd8 54. Re8 Rxe8 55. fxe8=Q Ke4 56. Qd7 b5 57. Qb7+ Kxe5 58. Qxb5+ Kd6 59. Qb7 Kc5 60. Qxa7+ Kc6 61. Qa6+ Kc7 62. Kc4 Kb8 63. Kc5 Kc7 64. Qa7+ Kc8 65. Kd6 Kd8 66. Qb8# 1-0

[Event "Titled Tuesday 2024.07.02 Late"]
[Site "Chess.com INT"]
[Date "2024.07.02"]
[Round "4"]
[White "Manukian, Artak"]
[Black "Thavandiran, Shiyam"]
[Result "1-0"]
[WhiteElo "2196"]
[BlackElo "2387"]
[WhiteFideId "-1"]
[WhiteFideId "-1"]
[PlyCount "127"]
[GameId "2065220350484480"]
[EventDate "2024.07.02"]
[EventType "swiss (blitz)"]
[EventRounds "11"]
[EventCountry "NET"]
[SourceTitle "EXT 2025"]
[Source "ChessBase"]
[SourceDate "2024.10.14"]
[SourceVersion "1"]
[SourceVersionDate "2024.10.14"]
[SourceQuality "1"]

1. e4 e6 2. d4 d5 3. e5 c5 4. c3 Nc6 5. Nf3 Qb6 6. a3 Nh6 7. b4 cxd4 8. cxd4 Nf5 9. Bb2 Bd7 10. g4 Nfe7 11. Nc3 h5 12. Na4 Qd8 13. Nc5 Bc8 14. g5 b6 15. Nd3 Ba6 16. Nf4 Bxf1 17. Kxf1 h4 18. Rg1 g6 19. Rc1 Qd7 20. Kg2 Rc8 21. Kh3 Nf5 22. Qa4 Bg7 23. Rc2 O-O 24. Rgc1 Nfe7 25. Kxh4 Nxe5 26. Qxd7 Nxd7 27. Rc7 Nf5+ 28. Kg4 Rxc7 29. Rxc7 Nb8 30. Rxa7 Rc8 31. Ra8 Kh7 32. a4 Bf8 33. a5 bxa5 34. bxa5 Bd6 35. a6 Rc2 36. Nd3 Nc6 37. a7 Nxa7 38. Rxa7 Kg7 39. Rb7 Re2 40. Nfe5 Bxe5 41. Nxe5 Rxf2 42. Rxf7+ Kg8 43. Rb7 Ne3+ 44. Kg3 Rf1 45. Nxg6 Nf5+ 46. Kg4 Ne3+ 47. Kh3 Rf3+ 48. Kh4 Nf5+ 49. Kg4 Rf2 50. Nf4 Ne3+ 51. Kg3 Rc2 52. Nxe6 Nf5+ 53. Kf4 Rf2+ 54. Ke5 Ne3 55. Nf4 Nc4+ 56. Kxd5 Nxb2 57. Nh5 Nd1 58. Nf6+ Kf8 59. Ke6 Re2+ 60. Kf5 Rf2+ 61. Kg6 Rxf6+ 62. gxf6 Ke8 63. Rb8+ Kd7 64. f7 1-0

[Event "Titled Tuesday 2024.07.02 Late"]
[Site "Chess.com INT"]
[Date "2024.07.02"]
[Round "6"]
[White "Thavandiran, Shiyam"]
[Black "Novikov, Evgenij"]
[Result "1-0"]
[WhiteElo "2387"]
[BlackElo "2276"]
[WhiteFideId "-1"]
[WhiteFideId "-1"]
[PlyCount "89"]
[GameId "2065220351889408"]
[EventDate "2024.07.02"]
[EventType "swiss (blitz)"]
[EventRounds "11"]
[EventCountry "NET"]
[SourceTitle "EXT 2025"]
[Source "ChessBase"]
[SourceDate "2024.10.14"]
[SourceVersion "1"]
[SourceVersionDate "2024.10.14"]
[SourceQuality "1"]

1. e4 c6 2. d4 d5 3. e5 Bf5 4. h4 h5 5. c4 e6 6. Nc3 Ne7 7. Nge2 dxc4 8. Ng3 Bg6 9. Bxc4 Nd5 10. Nce4 Qa5+ 11. Bd2 Qb6 12. Bc3 Bb4 13. O-O O-O 14. Bxb4 Qxb4 15. Bb3 Rd8 16. Nd6 Nd7 17. Nxh5 c5 18. Bxd5 exd5 19. Nf4 Qxd4 20. Qxd4 cxd4 21. Nxg6 fxg6 22. f4 Nc5 23. Rfe1 b6 24. Rad1 Ne6 25. g3 Rd7 26. Rc1 Rad8 27. Kf2 Nc5 28. Red1 Ne4+ 29. Kf3 Nxd6 30. exd6 Rxd6 31. Rxd4 Kf7 32. Kg4 R8d7 33. Rcd1 Kf6 34. a4 a5 35. R1d3 Ke6 36. Kg5 Kf7 37. Re3 Rc6 38. Re5 Rc5 39. g4 Rd6 40. b3 Rc3 41. Rexd5 Rxd5+ 42. Rxd5 Rc5 43. Rxc5 bxc5 44. f5 gxf5 45. Kxf5 1-0

[Event "Titled Tuesday 2024.07.02 Late"]
[Site "Chess.com INT"]
[Date "2024.07.02"]
[Round "8"]
[White "Troff, Kayden W"]
[Black "Thavandiran, Shiyam"]
[Result "1-0"]
[WhiteElo "2490"]
[BlackElo "2387"]
[WhiteFideId "-1"]
[WhiteFideId "-1"]
[PlyCount "61"]
[GameId "2065220353134592"]
[EventDate "2024.07.02"]
[EventType "swiss (blitz)"]
[EventRounds "11"]
[EventCountry "NET"]
[SourceTitle "EXT 2025"]
[Source "ChessBase"]
[SourceDate "2024.10.14"]
[SourceVersion "1"]
[SourceVersionDate "2024.10.14"]
[SourceQuality "1"]

1. d4 Nf6 2. Nf3 e6 3. Bf4 d5 4. e3 Bd6 5. Ne5 O-O 6. Bd3 c5 7. c3 Nc6 8. Bg3 Bxe5 9. dxe5 Nd7 10. f4 Rb8 11. O-O b5 12. Nd2 b4 13. Nf3 h6 14. Bh4 Qa5 15. c4 dxc4 16. Bxc4 Nb6 17. Bd3 c4 18. Be4 Nd5 19. Qe1 Ba6 20. a3 Qc5 21. axb4 Ncxb4 22. Bxd5 Qxd5 23. Be7 Nc2 24. Qg3 Nxe3 25. Bxf8 Rxf8 26. Rxa6 Nxf1 27. Qf2 c3 28. bxc3 Rb8 29. Ra1 Nd2 30. Qxd2 Qc5+ 31. Qd4 1-0

[Event "Titled Tuesday 2024.07.02 Late"]
[Site "Chess.com INT"]
[Date "2024.07.02"]
[Round "11"]
[White "Thavandiran, Shiyam"]
[Black "Drozdowski, Kacper"]
[Result "0-1"]
[WhiteElo "2387"]
[BlackElo "2448"]
[WhiteFideId "-1"]
[WhiteFideId "-1"]
[PlyCount "130"]
[GameId "2065220355035136"]
[EventDate "2024.07.02"]
[EventType "swiss (blitz)"]
[EventRounds "11"]
[EventCountry "NET"]
[SourceTitle "EXT 2025"]
[Source "ChessBase"]
[SourceDate "2024.10.14"]
[SourceVersion "1"]
[SourceVersionDate "2024.10.14"]
[SourceQuality "1"]

1. e4 e5 2. Nf3 Nc6 3. Nc3 Nf6 4. Bb5 Bb4 5. O-O O-O 6. d3 Bxc3 7. bxc3 d6 8. Re1 Qe7 9. d4 Bg4 10. d5 Nb8 11. Bg5 h6 12. Bh4 g5 13. Bg3 Nbd7 14. Bxd7 Nxd7 15. Qd3 Nc5 16. Qe3 f5 17. exf5 Rxf5 18. Nd4 Rf7 19. Nb3 Nd7 20. c4 b6 21. Nd2 Bf5 22. f4 gxf4 23. Bxf4 Rh7 24. Bxh6 Qh4 25. Qg5+ Qxg5 26. Bxg5 Bxc2 27. Re3 Rf8 28. Rf1 Rxf1+ 29. Nxf1 Rg7 30. h4 Nc5 31. Ng3 Bd3 32. Nh5 Rf7 33. Nf6+ Kg7 34. Rg3 Rxf6 35. Bxf6+ Kxf6 36. h5 Bxc4 37. h6 Bd3 38. Rg7 Ne4 39. Rxc7 Ng5 40. Rxa7 Nf7 41. Rb7 b5 42. Rb6 Kg6 43. Kf2 Kxh6 44. Ke3 Bc4 45. a3 Kg6 46. Rc6 Bxd5 47. Rc7 Kf5 48. g3 Ng5 49. Rd7 Ke6 50. Rg7 Ne4 51. g4 Nf6 52. g5 Ng4+ 53. Kd2 Bc4 54. Rc7 Kf5 55. a4 e4 56. a5 e3+ 57. Ke1 Ne5 58. a6 Nf3+ 59. Kd1 e2+ 60. Kc2 e1=Q 61. a7 Qd2+ 62. Kb1 Qd1+ 63. Kb2 Qb3+ 64. Kc1 Qc3+ 65. Kb1 Nd2# 0-1

[Event "Titled Tuesday 2024.07.02 Late"]
[Site "chess.com INT"]
[Date "2024.07.02"]
[Round "3"]
[White "Thavandiran, Shiyam"]
[Black "Gorodetzky, David"]
[Result "0-1"]
[WhiteElo "2387"]
[BlackElo "2494"]
[WhiteFideId "-1"]
[WhiteFideId "-1"]
[PlyCount "110"]
[GameId "2130307542336270"]
[EventDate "2024.07.02"]
[EventType "swiss (blitz)"]
[EventRounds "11"]
[EventCountry "NET"]
[SourceTitle "The Week in Chess 1548"]
[Source "Mark Crowther"]
[SourceDate "2024.07.08"]
[SourceVersion "1"]
[SourceVersionDate "2024.07.08"]
[SourceQuality "2"]

1. e4 e6 2. d4 d5 3. exd5 exd5 4. Nf3 c6 5. Bd3 Bd6 6. O-O Ne7 7. Re1 Bg4 8. Nbd2 Nd7 9. Nf1 Qc7 10. Ng3 O-O-O 11. h3 Be6 12. Nf1 h6 13. b3 g5 14. Ne3 f5 15. c4 Nf6 16. Nxd5 Bxd5 17. cxd5 Nfxd5 18. Ne5 Bxe5 19. Rxe5 Kb8 20. Ba3 Ng6 21. Rxf5 Ndf4 22. Bf1 Rhe8 23. Rc1 Re4 24. d5 Nxd5 25. Qf3 Ree8 26. Rf7 Ne5 27. Qxd5 Rxd5 28. Rxc7 Kxc7 29. Bc5 Nd3 30. Bxd3 Rxd3 31. Be3 b6 32. Kf1 Rd5 33. Ke2 a5 34. g4 c5 35. a3 Re4 36. Kf3 Re6 37. b4 Kc6 38. bxc5 bxc5 39. Rb1 Rd3 40. a4 Ra3 41. Rb5 Rxa4 42. Rxc5+ Kb7 43. Rb5+ Ka6 44. Rf5 Rb4 45. Kg2 a4 46. Bd2 Rb2 47. Bc3 Rb3 48. Bd2 a3 49. h4 gxh4 50. Ra5+ Kb6 51. Ra4 h3+ 52. Kh2 Re2 53. Bf4 Rxf2+ 54. Kg1 Rg2+ 55. Kf1 Rb1+ 0-1

[Event "Titled Tuesday 2024.07.02 Late"]
[Site "chess.com INT"]
[Date "2024.07.02"]
[Round "5"]
[White "Thavandiran, Shiyam"]
[Black "Matlak, Oleksandr"]
[Result "1-0"]
[WhiteElo "2387"]
[BlackElo "2235"]
[WhiteFideId "-1"]
[WhiteFideId "-1"]
[PlyCount "55"]
[GameId "2130307542340490"]
[EventDate "2024.07.02"]
[EventType "swiss (blitz)"]
[EventRounds "11"]
[EventCountry "NET"]
[SourceTitle "The Week in Chess 1548"]
[Source "Mark Crowther"]
[SourceDate "2024.07.08"]
[SourceVersion "1"]
[SourceVersionDate "2024.07.08"]
[SourceQuality "2"]

1. e4 c5 2. Nf3 d6 3. d4 cxd4 4. Nxd4 Nf6 5. Nc3 a6 6. h3 e6 7. g4 b5 8. Bg2 Bb7 9. O-O b4 10. Na4 Nxe4 11. Re1 d5 12. c4 Be7 13. cxd5 exd5 14. Nf5 Nc6 15. f3 Nd6 16. Nxg7+ Kf8 17. Bh6 Kg8 18. Nh5 Bg5 19. Bg7 Bh4 20. Qxd5 Ne7 21. Qd4 Nb5 22. Qxd8+ Rxd8 23. Red1 Re8 24. Bxh8 Kxh8 25. Kh1 Ng6 26. Nc5 Bc6 27. f4 Bxg2+ 28. Kxg2 1-0

[Event "Titled Tuesday 2024.07.02 Late"]
[Site "chess.com INT"]
[Date "2024.07.02"]
[Round "7"]
[White "Shubin, Daniel"]
[Black "Thavandiran, Shiyam"]
[Result "0-1"]
[WhiteElo "2187"]
[BlackElo "2387"]
[WhiteFideId "-1"]
[WhiteFideId "-1"]
[PlyCount "68"]
[GameId "2130307542344694"]
[EventDate "2024.07.02"]
[EventType "swiss (blitz)"]
[EventRounds "11"]
[EventCountry "NET"]
[SourceTitle "The Week in Chess 1548"]
[Source "Mark Crowther"]
[SourceDate "2024.07.08"]
[SourceVersion "1"]
[SourceVersionDate "2024.07.08"]
[SourceQuality "2"]

1. e4 e6 2. d4 d5 3. Nc3 Bb4 4. exd5 exd5 5. Bd3 Ne7 6. Nge2 Bf5 7. O-O O-O 8. a3 Bxc3 9. bxc3 Nbc6 10. a4 Re8 11. Ng3 Bxd3 12. cxd3 Qd7 13. Qf3 Ng6 14. Ba3 Re6 15. Rab1 b6 16. Nf5 Rae8 17. Rb5 Re1 18. Rxd5 Rxf1+ 19. Kxf1 Qe6 20. Ne3 Nce7 21. Bxe7 Nxe7 22. Re5 Qa2 23. Rxe7 Qb1+ 24. Nd1 Rf8 25. Rxc7 a5 26. d5 b5 27. axb5 a4 28. Ra7 Qxb5 29. c4 Qb3 30. d6 a3 31. Ra8 g6 32. Rxf8+ Kxf8 33. d7 Ke7 34. Qc6 Qxd1# 0-1